Modern Digital Signal Processing /
Contenido: Fundamentos de señales y sistemas; Procesamiento de tiempo discreto de señales de tiempo continuo; Análisis de Fourier de señales de tiempo discreto; Filtros digitales; Implementación de filtros digitales; Procesamiento de señales digitales de múltiples variaciones (Fundamentos); Filtros...
Kaydedildi:
| Yazar: | |
|---|---|
| Materyal Türü: | Kitap |
| Dil: | İngilizce |
| Baskı/Yayın Bilgisi: |
Pacific Grove, EUA :
Thomson : Brooks Cole,
2004, c2004
|
| Konular: | |
| Etiketler: |
Etiket eklenmemiş, İlk siz ekleyin!
|
MARC
| LEADER | 00000nam^a2200000^a^4500 | ||
|---|---|---|---|
| 001 | 000153066 | ||
| 005 | 20250521000000.0 | ||
| 009 | 20260310100305.693 | ||
| 020 | |a 0-534-40095-7 | ||
| 037 | |a Acervo ITESO - Biblioteca | ||
| 041 | |a ING | ||
| 082 | |a 621. 3822 |b CRI | ||
| 100 | |a Cristi, Roberto |e (autor) | ||
| 245 | 1 | 0 | |a Modern Digital Signal Processing / |c R. Cristi. |
| 264 | 4 | |a Pacific Grove, EUA : |b Thomson : |b Brooks Cole, |c 2004, c2004 | |
| 300 | |a XIV, 380 p. | ||
| 336 | |a texto |b txt |2 rdacontenido | ||
| 337 | |a sin mediación |b n |2 rdamedio | ||
| 338 | |a volumen |b nc |2 rdasoporte | ||
| 520 | |a Contenido: Fundamentos de señales y sistemas; Procesamiento de tiempo discreto de señales de tiempo continuo; Análisis de Fourier de señales de tiempo discreto; Filtros digitales; Implementación de filtros digitales; Procesamiento de señales digitales de múltiples variaciones (Fundamentos); Filtros DFT de bancos y transmultiplexores; Filtros de bancos de diezmado máximo; Expansión de frecuencia de tiempo (Introducción). | ||
| 649 | |a XX | ||
| 650 | |a Procesamiento de Señales | ||
| 650 | |a Filtros Eléctricos | ||
| 650 | |a Señales y Transmisión de Señales | ||
| 650 | |a Sistemas de Telecomunicación | ||
| 650 | |a Series de Fourier | ||
| 650 | |a Transformaciones de Fourier | ||
| 650 | |a Transformaciones (Matemáticas) | ||
| 650 | |a Análisis de Fourier | ||
| 650 | |a Electrónica Digital | ||
| 650 | |a Sistemas Lineales | ||
| 650 | |a Electrónica - |x Matemáticas | ||
| 650 | |a Ingeniería Electrónica | ||
| 910 | |a Fondo General | ||
| 920 | |a Impresos - Libros | ||
| 930 | |a Colección General | ||
| 905 | |a 101 | ||
| 901 | |a 0500081641 |b IT1 |c ACC |u 20250521 | ||
| 902 | |a https://opac.biblio.iteso.mx/vufind/Record/000153066 | ||